00744nam a2200217 a 450000100060000000300090000600800410001502000180005604000280007408200190010210000270012124500530014826000290020130000100023065000320024065000270027265000440029994200120034399900170035595201540037223261CO-ViMGA141112s2004 ck r 000 u spa d a9789588294247 aCO-ViMGAbspacCO-ViMGA04a658.8104 R345j1 aReina, Mauricio93349710aJuan Valdez : bLa estrategia detras de la marca aColombia : bEdiciones B a266p.14aANALISIS DE MERCADEO93349814aCAFE - MERCADO 93349914aMERCADEO DE PRODUCTOS AGRICOLAS 933500 2ddccBK c31493d31493 00102ddc40708002aMEVIECARbMEVIECARd2015-12-04hVolumen. 1 | 23/ago/2010l0o658.8104 R345j p23603r2015-12-04 00:00:00tEj. 1w2015-12-04yBK